| 000 | 00770nam a22002177a 4500 | ||
|---|---|---|---|
| 003 | UA-OsUOA | ||
| 001 | 119403 | ||
| 007 | ta | ||
| 008 | 20161031b un ||||| |||| 00| 0 ukr d | ||
| 100 | _aГривінський Р. | ||
| 090 |
_a32 _bГ82 |
||
| 942 | _cSA | ||
| 040 |
_aUA-OsUOA _bukr _cUA-OsUOA _dUA-OsUOA |
||
| 245 | _a"Гуманітарна політика - це також захист України". Віце-прем'єр-міністр В'ячеслав Кириленко - про реформи у культурі, науці, видавничій справі та ... головах громадян | ||
| 300 | _aС.14 | ||
| 955 | _a0 | ||
| 041 | _aukr | ||
| 080 | _a32 | ||
| 773 | 0 | _w119402 | |
| 650 | 7 |
_a32 Політика _2UDC |
|
| 999 |
_c405358 _d405358 |
||